<?xml version="1.0" encoding="UTF-8"?><?xml-stylesheet type="text/xsl" href="static/style.xsl"?><OAI-PMH xmlns="http://www.openarchives.org/OAI/2.0/" xmlns:xsi="http://www.w3.org/2001/XMLSchema-instance" xsi:schemaLocation="http://www.openarchives.org/OAI/2.0/ http://www.openarchives.org/OAI/2.0/OAI-PMH.xsd"><responseDate>2026-06-01T08:32:03Z</responseDate><request verb="GetRecord" identifier="oai:riuma.uma.es:10630/33081" metadataPrefix="marc">https://riuma.uma.es/rest/oai/request</request><GetRecord><record><header><identifier>oai:riuma.uma.es:10630/33081</identifier><datestamp>2026-02-03T11:34:26Z</datestamp><setSpec>com_10630_2254</setSpec><setSpec>col_10630_37953</setSpec></header><metadata><record xmlns="http://www.loc.gov/MARC21/slim" xmlns:dcterms="http://purl.org/dc/terms/" xmlns:doc="http://www.lyncode.com/xoai" xmlns:xsi="http://www.w3.org/2001/XMLSchema-instance" xsi:schemaLocation="http://www.loc.gov/MARC21/slim http://www.loc.gov/standards/marcxml/schema/MARC21slim.xsd">
   <leader>00925njm 22002777a 4500</leader>
   <datafield ind2=" " ind1=" " tag="042">
      <subfield code="a">dc</subfield>
   </datafield>
   <datafield ind2=" " ind1=" " tag="720">
      <subfield code="a">Leiva Rebollo, Rocío</subfield>
      <subfield code="e">author</subfield>
   </datafield>
   <datafield ind2=" " ind1=" " tag="720">
      <subfield code="a">Labella Vera, Alejandro Manuel</subfield>
      <subfield code="e">author</subfield>
   </datafield>
   <datafield ind2=" " ind1=" " tag="720">
      <subfield code="a">Gémez Mata, Juan</subfield>
      <subfield code="e">author</subfield>
   </datafield>
   <datafield ind2=" " ind1=" " tag="720">
      <subfield code="a">Castro-López, María Dolores</subfield>
      <subfield code="e">author</subfield>
   </datafield>
   <datafield ind2=" " ind1=" " tag="720">
      <subfield code="a">Borrego García, Juan José</subfield>
      <subfield code="e">author</subfield>
   </datafield>
   <datafield ind2=" " ind1=" " tag="260">
      <subfield code="c">2024-07-15</subfield>
   </datafield>
   <datafield ind2=" " ind1=" " tag="520">
      <subfield code="a">Each year, due to climate change, an increasing number of new pathogens are being discovered and studied, leading&#xd;
to an increase in the number of known diseases affecting various fish species in different regions of the world. Viruses&#xd;
from the family Iridoviridae, which consist of the genera Megalocytivirus, Lymphocystivirus, and Ranavirus, cause epizootic&#xd;
outbreaks in farmed and wild, marine, and freshwater fish species (including ornamental fish). Diseases caused&#xd;
by fish viruses of the family Iridoviridae have a significant economic impact, especially in the aquaculture sector.&#xd;
Consequently, vaccines have been developed in recent decades, and their administration methods have improved.&#xd;
To date, various types of vaccines are available to control and prevent Iridoviridae infections in fish populations.&#xd;
Notably, two vaccines, specifically targeting Red Sea bream iridoviral disease and iridoviruses (formalin-killed vaccine&#xd;
and AQUAVAC® IridoV, respectively), are commercially available. In addition to exploring these themes, this review&#xd;
examines the immune responses in fish following viral infections or vaccination procedures. In general, the evasion&#xd;
mechanisms observed in iridovirus infections are characterised by a systemic absence of inflammatory responses&#xd;
and a reduction in the expression of genes associated with the adaptive immune response. Finally, this review&#xd;
also explores prophylactic procedure trends in fish vaccination strategies, focusing on future advances in the field.</subfield>
   </datafield>
   <datafield ind1="8" ind2=" " tag="024">
      <subfield code="a">Leiva-Rebollo, R., Labella, A.M., Gémez-Mata, J. et al. Fish Iridoviridae: infection, vaccination and immune response. Vet Res 55, 88 (2024). https://doi.org/10.1186/s13567-024-01347-1</subfield>
   </datafield>
   <datafield ind1="8" ind2=" " tag="024">
      <subfield code="a">https://hdl.handle.net/10630/33081</subfield>
   </datafield>
   <datafield ind1="8" ind2=" " tag="024">
      <subfield code="a">10.1186/s13567-024-01347-1</subfield>
   </datafield>
   <datafield tag="653" ind2=" " ind1=" ">
      <subfield code="a">Iridovirus</subfield>
   </datafield>
   <datafield ind2="0" ind1="0" tag="245">
      <subfield code="a">Fish Iridoviridae: infection, vaccination and immune response</subfield>
   </datafield>
</record>
</metadata></record></GetRecord></OAI-PMH>